[Event "FRA-ch U18/20 Girls"]
[Site "Agen"]
[Date "2023.04.26"]
[Round "5"]
[White "Tomasi, Elise"]
[Black "Toulemont, Anouk"]
[Result "1-0"]
[WhiteElo "2032"]
[BlackElo "1508"]
[PlyCount "57"]
[EventDate "2023.04.23"]
[EventType "swiss"]
[EventRounds "9"]
[EventCountry "FRA"]
[SourceTitle "CBM 214 Extra"]
[Source "ChessBase"]
[SourceDate "2023.07.31"]
[SourceVersion "1"]
[SourceVersionDate "2023.07.31"]
[SourceQuality "1"]

1. d4 Nf6 2. Nf3 g6 3. g3 Bg7 4. Bg2 0-0 5. 0-0 d5 6. c4 c6 7. Qb3 Nbd7 8. Nc3 Nb6 9. cxd5 Nbxd5 10. Rd1 Re8 11. Ne5 e6 12. e4 Nb6 13. a4 a5 14. Be3 Nfd7 15. Nd3 Qc7 16. Rac1 Rb8 17. d5 exd5 18. exd5 c5 19. Nb5 Qd8 20. Nxc5 Nxc5 21. Bxc5 Bd7 22. Nd6 Bxa4 23. Qxb6 Bxd1 24. Nxe8 Qxe8 25. Rxd1 Qe2 26. Rf1 a4 27. d6 Bf6 28. Qc7 Rd8 29. Bd4 1-0

[Event "Cappelle Online Blitz op"]
[Site "Europe Echecs INT"]
[Date "2022.01.09"]
[Round "4"]
[White "Derouineau, Jacques"]
[Black "Toulemont, Anouk"]
[Result "1-0"]
[WhiteElo "2029"]
[BlackElo "1519"]
[PlyCount "181"]
[EventDate "2022.01.09"]
[EventType "swiss (blitz)"]
[EventRounds "11"]
[EventCountry "FRA"]
[SourceTitle "EXT 2023"]
[Source "ChessBase"]
[SourceDate "2022.10.05"]
[SourceVersion "1"]
[SourceVersionDate "2022.10.05"]
[SourceQuality "1"]

1. e4 e6 2. Nc3 d5 3. g3 Bb4 4. exd5 exd5 5. d4 Nf6 6. Nge2 0-0 7. Bg2 Bg4 8. f3 Bf5 9. 0-0 c6 10. Bd2 Qb6 11. h3 Nbd7 12. Kh2 Rae8 13. Re1 c5 14. dxc5 Nxc5 15. Nd4 Bg6 16. Nce2 Bxd2 17. Qxd2 Qxb2 18. Reb1 Qa3 19. Nb3 Nxb3 20. Rxb3 Qe7 21. Nf4 Bf5 22. Rab1 Qc7 23. Rxb7 Qxc2 24. Qxc2 Bxc2 25. R1b2 Bf5 26. Rxa7 g5 27. Ne2 Re6 28. Nd4 Re5 29. a4 Bd7 30. a5 Re3 31. a6 Ra3 32. Rbb7 Bc8 33. Rb6 Nd7 34. Rd6 Ra4 35. Nc6 Nc5 36. Ne7+ Kg7 37. Nxc8 Rxc8 38. f4 Ne4 39. Rdd7 Rf8 40. fxg5 Nxg5 41. Bxd5 Kg6 42. h4 Ne6 43. Kh3 Ra3 44. Bxe6 fxe6 45. Rxh7 Rxa6 46. Rxa6 Kxh7 47. Rxe6 Rf3 48. Kg4 Rf7 49. Re5 Kh6 50. Rd5 Rg7+ 51. Kf4 Rf7+ 52. Ke5 Rf3 53. g4 Rh3 54. h5 Kg5 55. Rd4 Re3+ 56. Re4 Ra3 57. Ke6 Ra7 58. Rd4 Rh7 59. Rc4 Rg7 60. Ke5 Re7+ 61. Kd6 Rg7 62. Re4 Rh7 63. Ke6 Rg7 64. Rb4 Rh7 65. Ke5 Rg7 66. Rd4 Rh7 67. Kd5 Re7 68. Kc4 Rh7 69. Kd3 Re7 70. Re4 Rf7 71. Ke3 Rh7 72. Kf3 Rf7+ 73. Kg3 Ra7 74. Re5+ Kf6 75. Rf5+ Kg7 76. Kh4 Ra4 77. Kg5 Ra6 78. Rb5 Rd6 79. Rb7+ Kg8 80. h6 Rd5+ 81. Kh4 Rd6 82. g5 Rd4+ 83. Kh5 Rd1 84. Kg6 Rd6+ 85. Kf5 Rd5+ 86. Kf6 Rd6+ 87. Ke5 Rg6 88. Kf5 Rc6 89. g6 Rc5+ 90. Kg4 Rc6 91. Rb8+ 1-0

[Event "Cappelle Online Blitz op"]
[Site "Europe Echecs INT"]
[Date "2022.01.09"]
[Round "1"]
[White "Toulemont, Anouk"]
[Black "Vardan, Nagpal"]
[Result "0-1"]
[WhiteElo "1519"]
[BlackElo "2378"]
[PlyCount "96"]
[EventDate "2022.01.09"]
[EventType "swiss (blitz)"]
[EventRounds "11"]
[EventCountry "FRA"]
[SourceTitle "EXT 2023"]
[Source "ChessBase"]
[SourceDate "2022.10.05"]
[SourceVersion "1"]
[SourceVersionDate "2022.10.05"]
[SourceQuality "1"]

1. e4 e5 2. Nf3 Nc6 3. d4 exd4 4. Bc4 Nf6 5. e5 d5 6. Bb5 Nd7 7. Bxc6 bxc6 8. Nxd4 Nb8 9. 0-0 c5 10. Nf3 Be7 11. Nc3 Bb7 12. Bf4 0-0 13. Re1 h6 14. e6 fxe6 15. Be5 Nc6 16. Qe2 Nxe5 17. Qxe5 Bc8 18. Rad1 Bf6 19. Qe2 Bxc3 20. bxc3 Rb8 21. c4 d4 22. Rb1 Rb6 23. Ne5 Qf6 24. f3 Ba6 25. Nd7 Qe7 26. Nxf8 Kxf8 27. Rxb6 axb6 28. Qxe6 Qxe6 29. Rxe6 Bxc4 30. Rc6 Bxa2 31. Rxc7 Bb1 32. Rb7 Bxc2 33. Rxb6 d3 34. Rd6 c4 35. Kf2 c3 36. Ke3 d2 37. Rxd2 cxd2 38. Kxd2 Ba4 39. Ke3 Kf7 40. Kf4 Kf6 41. g4 Bc6 42. h4 Ke6 43. g5 h5 44. Ke3 Kf5 45. Kf2 Kf4 46. Kg2 Bxf3+ 47. Kh3 g6 48. Kh2 Kg4 0-1

[Event "FRA-ch U18"]
[Site "Agen"]
[Date "2021.10.31"]
[Round "9"]
[White "Courjal, Pauline"]
[Black "Toulemont, Anouk"]
[Result "1-0"]
[WhiteElo "1822"]
[BlackElo "1476"]
[PlyCount "105"]
[EventDate "2021.10.22"]
[EventType "swiss"]
[EventRounds "9"]
[EventCountry "FRA"]
[SourceTitle "EXT 2023"]
[Source "ChessBase"]
[SourceDate "2022.10.05"]
[SourceVersion "1"]
[SourceVersionDate "2022.10.05"]
[SourceQuality "1"]

1. e4 e6 2. d4 d5 3. Nd2 Nf6 4. e5 Nfd7 5. Bd3 c5 6. c3 Nc6 7. Ne2 cxd4 8. cxd4 f6 9. exf6 Nxf6 10. 0-0 Bd6 11. Nf3 0-0 12. Bf4 Bxf4 13. Nxf4 Ne4 14. Ne2 Rxf3 15. Bxe4 dxe4 16. gxf3 exf3 17. Ng3 Nxd4 18. Re1 Qh4 19. Re4 Qh3 20. Qf1 Qxf1+ 21. Kxf1 e5 22. Rxe5 Bh3+ 23. Kg1 Rf8 24. Rae1 Rf6 25. Re8+ Kf7 26. R8e7+ Kg6 27. Rc7 Rd6 28. Rc3 h5 29. Rcc1 h4 30. Ne4 Re6 31. Nc3 Rf6 32. Re4 Rf5 33. Kh1 Bg2+ 34. Kg1 Rg5 35. h3 Ne2+ 36. Nxe2 fxe2 37. Rg4 Bxh3 38. Rxg5+ Kxg5 39. f3 Bf1 40. Kf2 Kf4 41. Rc4+ Kg5 42. Rg4+ Kh5 43. Rxg7 Kh6 44. Rxb7 h3 45. Rb4 Kh5 46. Rb8 Kg5 47. Rh8 Kf4 48. Rh5 Bg2 49. Rh4+ Kf5 50. Kxe2 Kg5 51. Rg4+ Kh5 52. Rxg2 hxg2 53. Kf2 1-0

[Event "FRA-ch U18"]
[Site "Agen"]
[Date "2021.10.25"]
[Round "2"]
[White "Diez, Ambre"]
[Black "Toulemont, Anouk"]
[Result "1-0"]
[WhiteElo "1862"]
[BlackElo "1476"]
[PlyCount "52"]
[EventDate "2021.10.22"]
[EventType "swiss"]
[EventRounds "9"]
[EventCountry "FRA"]
[SourceTitle "EXT 2023"]
[Source "ChessBase"]
[SourceDate "2022.10.05"]
[SourceVersion "1"]
[SourceVersionDate "2022.10.05"]
[SourceQuality "1"]

1. Nf3 d5 2. g3 Nf6 3. Bg2 g6 4. b3 Bg7 5. Bb2 0-0 6. d3 c5 7. Nbd2 Nc6 8. 0-0 d4 9. Re1 Nd5 10. Rc1 f5 11. Rb1 Qa5 12. Nc4 Qa6 13. Nxd4 Nc3 14. Bxc3 cxd4 15. Bb2 b5 16. Nd2 Bb7 17. e3 dxe3 18. Bd5+ Kh8 19. Bxg7+ Kxg7 20. Rxe3 Qxa2 21. Qc1 Qa6 22. Re6 Rad8 23. Qb2+ Kh6 24. Bxc6 Bxc6 25. Rxe7 Rg8 26. Qf6 Ra8 1-0